[Event "Marseille op 16th"]
[Site "Marseille"]
[Date "2023.12.30"]
[Round "6"]
[White "Girel, Joseph"]
[Black "Petrossian, Armen"]
[Result "1/2-1/2"]
[WhiteElo "2495"]
[BlackElo "2368"]
[PlyCount "142"]
[EventDate "2023.12.30"]
[EventType "swiss"]
[EventRounds "9"]
[EventCountry "FRA"]
[SourceTitle "CB01_2024"]
[SourceDate "2024.01.03"]
[SourceVersion "1"]
[SourceVersionDate "2024.01.03"]
[SourceQuality "1"]

1. d4 d5 2. c4 e6 3. Nc3 a6 4. cxd5 exd5 5. Nf3 c6 6. e4 dxe4 7. Ng5 Nh6 8. Bc4 b5 9. Bb3 Nd7 10. 0-0 Nf6 11. Ngxe4 Nf5 12. Nxf6+ Qxf6 13. d5 c5 14. Re1+ Kd8 15. Ne4 Qg6 16. d6 Ra7 17. Qd5 Bxd6 18. Nxc5 Kc7 19. Bd2 Kb8 20. Rac1 Rd8 21. Bf4 Bxf4 22. Qxd8 Bxc1 23. Rxc1 Qd6 24. Nb7 Qd7 25. Qxd7 Bxd7 26. Nc5 Bc8 27. Bc2 Nd4 28. Bd3 Bf5 29. Rd1 Kc8 30. h4 Bxd3 31. Rxd3 Nf5 32. h5 a5 33. g4 Ne7 34. Ne4 Rd7 35. Rc3+ Kd8 36. Rc5 Rd5 37. Rxd5+ Nxd5 38. Nd6 Nb4 39. Nxb5 Nxa2 40. Nd6 Ke7 41. Nc4 Nb4 42. Nxa5 Nd3 43. Nc4 Ke6 44. Kg2 f5 45. f3 f4 46. b3 Kd5 47. g5 Ke6 48. Nd2 Kf5 49. Ne4 Ne1+ 50. Kf2 Nd3+ 51. Kf1 Ke5 52. Nf2 Nb4 53. Ke2 Kf5 54. Ne4 Nc6 55. Kf2 Nb4 56. Kg2 Nc2 57. h6 gxh6 58. gxh6 Ne1+ 59. Kf2 Nd3+ 60. Kf1 Kg6 61. Nc3 Kxh6 62. Nd5 Kg5 63. b4 Kf5 64. b5 Ke5 65. b6 Nc5 66. Nb4 Kd4 67. Nc6+ Kd5 68. Nb4+ Kc4 69. Nc2 Kb5 70. Kg2 Kxb6 71. Kh3 Nb3 1/2-1/2

[Event "Marseille op 16th"]
[Site "Marseille"]
[Date "2023.12.30"]
[Round "3"]
[White "Petrossian, Armen"]
[Black "Avanesyan, David"]
[Result "0-1"]
[WhiteElo "2368"]
[BlackElo "2142"]
[PlyCount "99"]
[EventDate "2023.12.30"]
[EventType "swiss"]
[EventRounds "9"]
[EventCountry "FRA"]
[SourceTitle "CB01_2024"]
[SourceDate "2024.01.03"]
[SourceVersion "1"]
[SourceVersionDate "2024.01.03"]
[SourceQuality "1"]

1. e4 g6 2. d4 Bg7 3. Nf3 d6 4. Bd3 Nf6 5. 0-0 0-0 6. h3 Nc6 7. c3 e5 8. Re1 h6 9. Nbd2 Nh5 10. d5 Nb8 11. Nf1 c6 12. dxc6 bxc6 13. Ng3 Nxg3 14. fxg3 Qc7 15. c4 Nd7 16. Be3 a5 17. Qd2 Kh7 18. g4 Nc5 19. Bc2 Ne6 20. Rad1 Rd8 21. Qf2 Rb8 22. b3 Qe7 23. Bb6 Rd7 24. Bxa5 Ra7 25. b4 Nd4 26. Nxd4 exd4 27. Ba4 Rxb4 28. Bxb4 Rxa4 29. a3 c5 30. Qc2 Qa7 31. Bd2 Be6 32. Bf4 Rxc4 33. Qd2 Qa6 34. e5 dxe5 35. Bxe5 Bxe5 36. Rxe5 Qxa3 37. Qf4 Qa7 38. Rb1 d3 39. Qf3 d2 40. Qe3 Rd4 41. Rd1 Qa4 42. Qf3 Rf4 43. Qe2 Bc4 44. Qxd2 Rd4 45. Qe3 Qxd1+ 46. Kh2 Qd2 47. Qf3 Qf4+ 48. Qxf4 Rxf4 49. Rxc5 Be6 50. g5 0-1

[Event "Allauch op 5th"]
[Site "Allauch"]
[Date "2023.09.01"]
[Round "8"]
[White "Golubka, Petr"]
[Black "Petrossian, Armen"]
[Result "1/2-1/2"]
[WhiteElo "2421"]
[BlackElo "2360"]
[PlyCount "185"]
[EventDate "2023.08.28"]
[EventType "swiss"]
[EventRounds "9"]
[EventCountry "FRA"]
[SourceTitle "EXT 2024"]
[Source "ChessBase"]
[SourceDate "2023.10.10"]
[SourceVersion "1"]
[SourceVersionDate "2023.10.10"]
[SourceQuality "1"]

1. e4 c6 2. d4 d5 3. e5 Bf5 4. g4 Be4 5. f3 Bg6 6. e6 fxe6 7. h4 h5 8. Bd3 Bxd3 9. Qxd3 Qd6 10. Qg6+ Kd8 11. Bg5 Nf6 12. Ne2 Nbd7 13. Nd2 e5 14. 0-0-0 Kc7 15. Qf7 exd4 16. f4 c5 17. gxh5 Ng4 18. Ng3 e6 19. Rhe1 Ne3 20. Rxe3 dxe3 21. Nc4 dxc4 22. Rxd6 Bxd6 23. Qxg7 Rhg8 24. Qc3 Rxg5 25. fxg5 Bxg3 26. Qxe3 Be5 27. h6 Rf8 28. Kd1 Rf1+ 29. Ke2 Rh1 30. Qe4 Rh2+ 31. Kf3 Rd2 32. c3 Kd6 33. Qxb7 Rh2 34. Kg4 Rf2 35. h7 Rf7 36. Qe4 Bh8 37. h5 Ne5+ 38. Kg3 Rf5 39. Qa8 Rxg5+ 40. Kf4 Rf5+ 41. Ke4 Nf7 42. Qxa7 Re5+ 43. Kf3 Rxh5 44. Qb8+ Ke7 45. a4 Rxh7 46. a5 Ne5+ 47. Kg2 Rg7+ 48. Kf1 Rf7+ 49. Ke2 Bg7 50. a6 Nd3 51. a7 Rf2+ 52. Ke3 Bh6+ 53. Ke4 Rf5 54. Qc7+ Kf6 55. Qd8+ Kf7 56. Qh4 Nf2+ 57. Qxf2 Rxf2 58. a8Q Re2+ 59. Kf3 Rxb2 60. Qa7+ Kf6 61. Qxc5 Rc2 62. Qd4+ Kf7 63. Qd7+ Kf6 64. Qd8+ Kf7 65. Qc7+ Kf6 66. Qxc4 Rc1 67. Qd4+ Kf7 68. c4 Rf1+ 69. Ke2 Rf5 70. Qd7+ Kf6 71. Qd8+ Kf7 72. Qc7+ Ke8 73. c5 Bf4 74. Qc8+ Ke7 75. Kd3 Rf8 76. Qb7+ Kf6 77. Ke4 Rf7 78. Qb6 Bc7 79. Qc6 Rg7 80. Qe8 Rf7 81. Kd3 Rh7 82. Kc4 Rg7 83. Kb5 Be5 84. Qf8+ Rf7 85. Qh6+ Kf5 86. c6 Bf4 87. Qh5+ Kf6 88. Qd1 Bc7 89. Ka6 Ke5 90. Kb7 Bd6+ 91. Kb6 Bc7+ 92. Kb7 Bd6+ 93. Kb6 1/2-1/2

[Event "Allauch op 5th"]
[Site "Allauch"]
[Date "2023.08.31"]
[Round "7"]
[White "Petrossian, Armen"]
[Black "Massardo, Quentin"]
[Result "1-0"]
[WhiteElo "2360"]
[BlackElo "1990"]
[PlyCount "105"]
[EventDate "2023.08.28"]
[EventType "swiss"]
[EventRounds "9"]
[EventCountry "FRA"]
[SourceTitle "EXT 2024"]
[Source "ChessBase"]
[SourceDate "2023.10.10"]
[SourceVersion "1"]
[SourceVersionDate "2023.10.10"]
[SourceQuality "1"]

1. e4 e5 2. Nf3 Nf6 3. d4 Nxe4 4. Bd3 d5 5. Nxe5 Bd6 6. Nc3 Nxc3 7. bxc3 Nd7 8. 0-0 Qf6 9. Ng4 Qh4 10. Re1+ Kf8 11. g3 Qd8 12. Qf3 h5 13. Bg6 Nf6 14. Nxf6 Qxf6 15. Bxh5 Qxf3 16. Bxf3 c6 17. Rb1 b5 18. a4 a6 19. Ra1 Bb7 20. Ba3 Bxa3 21. Rxa3 Re8 22. Rb1 Re7 23. axb5 cxb5 24. c4 dxc4 25. Bxb7 Rxb7 26. Rxa6 Ke7 27. Rc6 Rd8 28. Rxc4 Rbd7 29. Rxb5 Rxd4 30. Rb7+ Kf6 31. Rc6+ R4d6 32. Rbb6 Rxc6 33. Rxc6+ Kf5 34. Rc7 Kf6 35. h4 Rd5 36. Kg2 g5 37. c4 Re5 38. Rc6+ Kg7 39. hxg5 Rxg5 40. Rd6 Rc5 41. Rd4 Kf6 42. Kf3 Ke5 43. Rd5+ Rxd5 44. cxd5 Kxd5 45. Kf4 Ke6 46. Kg5 Ke5 47. f4+ Ke6 48. f5+ Ke7 49. g4 Kf8 50. Kf6 Kg8 51. Ke7 Kg7 52. g5 Kg8 53. f6 1-0

[Event "Allauch op 5th"]
[Site "Allauch"]
[Date "2023.08.29"]
[Round "2"]
[White "Petrossian, Armen"]
[Black "Ben Amar, Yanis"]
[Result "1-0"]
[WhiteElo "2360"]
[BlackElo "1833"]
[PlyCount "39"]
[EventDate "2023.08.28"]
[EventType "swiss"]
[EventRounds "9"]
[EventCountry "FRA"]
[SourceTitle "EXT 2024"]
[Source "ChessBase"]
[SourceDate "2023.10.10"]
[SourceVersion "1"]
[SourceVersionDate "2023.10.10"]
[SourceQuality "1"]

1. e4 e5 2. Nf3 Nc6 3. Bb5 a6 4. Ba4 Nge7 5. Nc3 g6 6. d4 exd4 7. Nxd4 b5 8. Bb3 Bg7 9. Nxc6 Nxc6 10. Be3 0-0 11. Qd2 Na5 12. 0-0-0 Nxb3+ 13. axb3 d6 14. h4 h5 15. Bg5 Bf6 16. Nd5 Bxg5 17. hxg5 f5 18. gxf6 Kh7 19. Qg5 Be6 20. Rxh5+ 1-0

[Event "Aix en Provence Dole op 1st"]
[Site "Aix en Provence"]
[Date "2023.08.13"]
[Round "9"]
[White "Petrossian, Armen"]
[Black "Lagarde, Maxime"]
[Result "1/2-1/2"]
[WhiteElo "2360"]
[BlackElo "2600"]
[PlyCount "69"]
[EventDate "2023.08.07"]
[EventType "swiss"]
[EventRounds "9"]
[EventCountry "FRA"]
[SourceTitle "CBM 215 Extra"]
[Source "ChessBase"]
[SourceDate "2023.09.30"]
[SourceVersion "1"]
[SourceVersionDate "2023.09.30"]
[SourceQuality "1"]

1. e4 c5 2. Nf3 d6 3. Bb5+ Nd7 4. 0-0 a6 5. Bd3 g6 6. c3 Bh6 7. a4 Ngf6 8. Re1 Ne5 9. Nxe5 dxe5 10. Bc4 b6 11. d3 Bxc1 12. Qxc1 Qd6 13. Qh6 Be6 14. Nd2 Bxc4 15. Nxc4 Qe6 16. h3 Rd8 17. Rad1 Nh5 18. a5 b5 19. Nb6 f6 20. Nd5 Kf7 21. d4 cxd4 22. cxd4 exd4 23. Rxd4 Qe5 24. Rd2 Rd6 25. Nb6 Rhd8 26. Rxd6 Rxd6 27. Qxh7+ Ng7 28. b4 Rd4 29. Qh8 Rxe4 30. Rxe4 Qxe4 31. Nd7 Qe1+ 32. Kh2 Qxb4 33. Qf8+ Ke6 34. Nb6 Qxa5 35. Qg8+ 1/2-1/2

[Event "Aix en Provence Dole op 1st"]
[Site "Aix en Provence"]
[Date "2023.08.11"]
[Round "6"]
[White "Petrossian, Armen"]
[Black "Fedorchuk, Sergey A"]
[Result "0-1"]
[WhiteElo "2360"]
[BlackElo "2586"]
[PlyCount "88"]
[EventDate "2023.08.07"]
[EventType "swiss"]
[EventRounds "9"]
[EventCountry "FRA"]
[SourceTitle "CBM 215 Extra"]
[Source "ChessBase"]
[SourceDate "2023.09.30"]
[SourceVersion "1"]
[SourceVersionDate "2023.09.30"]
[SourceQuality "1"]

1. e4 c5 2. Nf3 d6 3. Bb5+ Nd7 4. 0-0 a6 5. Bd3 Ngf6 6. c3 b5 7. a4 Rb8 8. axb5 axb5 9. Bc2 e5 10. d4 Qc7 11. Re1 Be7 12. Nbd2 0-0 13. Nf1 Re8 14. Ng3 Bf8 15. h3 g6 16. d5 c4 17. Nh2 h5 18. Bg5 Nh7 19. Be3 Nc5 20. Qd2 Bd7 21. Bh6 Be7 22. f4 exf4 23. Qxf4 Bf6 24. Nf3 Nd3 25. Bxd3 cxd3 26. Ng5 Bxg5 27. Bxg5 Nxg5 28. Qxg5 Re5 29. Qe3 Qc5 30. Qd4 Rbe8 31. b4 Qc4 32. Ra7 Bf5 33. Qxc4 bxc4 34. Rf1 Bxe4 35. Rfxf7 Bxd5 36. Rg7+ Kf8 37. Rxg6 R8e6 38. Rxe6 Bxe6 39. Nf1 Re2 40. Ra8+ Ke7 41. Ra7+ Kf6 42. Ng3 Re1+ 43. Kf2 d2 44. Nxh5+ Ke5 0-1

[Event "Salon de Provence op"]
[Site "Salon de Provence"]
[Date "2023.07.13"]
[Round "8.3"]
[White "Petrossian, Armen"]
[Black "Kodjabachian, Julien"]
[Result "1-0"]
[WhiteElo "2364"]
[BlackElo "1819"]
[PlyCount "47"]
[EventDate "2023.07.08"]
[EventType "swiss"]
[EventRounds "9"]
[EventCountry "FRA"]
[SourceTitle "EXT 2024"]
[Source "ChessBase"]
[SourceDate "2023.10.10"]
[SourceVersion "1"]
[SourceVersionDate "2023.10.10"]
[SourceQuality "1"]

1. e4 Nc6 2. Nf3 d5 3. exd5 Qxd5 4. Nc3 Qa5 5. d4 Bg4 6. h3 Bxf3 7. Qxf3 0-0-0 8. Qxf7 Nxd4 9. Bd3 Nf6 10. Be3 e5 11. 0-0-0 Rd7 12. Bf5 Nxf5 13. Rxd7 Bd6 14. Rxd6 Nxe3 15. Rxf6 gxf6 16. Qe6+ Kb8 17. Qxf6 Rg8 18. fxe3 a6 19. g4 Qc5 20. Qf3 Rf8 21. Qe2 Qc6 22. Rf1 Rd8 23. Qf3 Qc4 24. Rd1 1-0

[Event "Salon de Provence op"]
[Site "Salon de Provence"]
[Date "2023.07.09"]
[Round "2.3"]
[White "Sanchez, Frederic"]
[Black "Petrossian, Armen"]
[Result "0-1"]
[WhiteElo "1665"]
[BlackElo "2364"]
[PlyCount "66"]
[EventDate "2023.07.08"]
[EventType "swiss"]
[EventRounds "9"]
[EventCountry "FRA"]
[SourceTitle "EXT 2024"]
[Source "ChessBase"]
[SourceDate "2023.10.10"]
[SourceVersion "1"]
[SourceVersionDate "2023.10.10"]
[SourceQuality "1"]

1. d4 d5 2. c4 e6 3. Nf3 Nf6 4. g3 Bb4+ 5. Bd2 Be7 6. Bg2 0-0 7. 0-0 c6 8. a4 a5 9. Qc2 b6 10. Nc3 Na6 11. Rad1 Nb4 12. Qb1 Ba6 13. b3 dxc4 14. bxc4 Bxc4 15. Bf4 Nfd5 16. Nxd5 cxd5 17. Rfe1 Rc8 18. e4 Ba2 19. Qa1 dxe4 20. Rxe4 Bb3 21. Rd2 Bc2 22. Re1 Qd7 23. d5 exd5 24. Rde2 Bf6 25. Be5 Bxe5 26. Qxe5 Nd3 27. Qg5 Nxe1 28. Nxe1 Be4 29. f3 Bg6 30. Rd2 Qe6 31. Nd3 Bxd3 32. Rxd3 Qe1+ 33. Bf1 Rc1 0-1

[Event "Aix en Provence"]
[Site "Aix en Provence"]
[Date "2022.08.26"]
[Round "4"]
[White "Bailet, Pierre"]
[Black "Petrossian, Armen"]
[Result "1/2-1/2"]
[WhiteElo "2511"]
[BlackElo "2395"]
[PlyCount "40"]
[EventDate "2022.08.24"]
[EventType "tourn"]
[EventRounds "9"]
[EventCountry "FRA"]
[EventCategory "10"]
[SourceTitle "CBM 210 Extra"]
[Source "ChessBase"]
[SourceDate "2022.11.30"]
[SourceVersion "1"]
[SourceVersionDate "2022.11.30"]
[SourceQuality "1"]

1. e4 c6 2. Nc3 d5 3. Nf3 dxe4 4. Nxe4 Nf6 5. Qe2 Nxe4 6. Qxe4 Qa5 7. Bc4 Bf5 8. Qe2 Nd7 9. 0-0 Bg4 10. h3 Bxf3 11. Qxf3 Ne5 12. Qb3 Nxc4 13. Qxc4 e6 14. Qb3 Qb6 15. Qg3 Qd4 16. d3 Bd6 17. Be3 Qe5 18. Qxe5 Bxe5 19. Rad1 0-0 20. b3 Bc7 1/2-1/2

[Event "Aix en Provence"]
[Site "Aix en Provence"]
[Date "2022.08.25"]
[Round "2"]
[White "Fedorchuk, Sergey A"]
[Black "Petrossian, Armen"]
[Result "1/2-1/2"]
[WhiteElo "2617"]
[BlackElo "2395"]
[PlyCount "104"]
[EventDate "2022.08.24"]
[EventType "tourn"]
[EventRounds "9"]
[EventCountry "FRA"]
[EventCategory "10"]
[SourceTitle "CBM 210 Extra"]
[Source "ChessBase"]
[SourceDate "2022.11.30"]
[SourceVersion "1"]
[SourceVersionDate "2022.11.30"]
[SourceQuality "1"]

1. e4 c6 2. d4 d5 3. Nd2 dxe4 4. Nxe4 Nf6 5. Nxf6+ exf6 6. c3 Bd6 7. Bd3 0-0 8. Qc2 Re8+ 9. Ne2 h5 10. Be3 Nd7 11. 0-0-0 Nf8 12. Kb1 Be6 13. c4 Rc8 14. a3 Ng6 15. Nc3 Ne7 16. h3 h4 17. Rhe1 g6 18. Bc1 Nf5 19. Re4 Bf8 20. d5 cxd5 21. cxd5 Bd7 22. Qb3 Qb6 23. Qxb6 axb6 24. Rxe8 Rxe8 25. Ne4 Kg7 26. Bd2 Nd6 27. Nxd6 Bxd6 28. Be3 Bc5 29. Bxc5 bxc5 30. Kc2 Re5 31. Bc4 b5 32. Bf1 Re4 33. d6 f5 34. Kc3 Kf6 35. Bxb5 Bxb5 36. d7 Bxd7 37. Rxd7 Ke6 38. Rd1 g5 39. b4 cxb4+ 40. axb4 g4 41. b5 Re5 42. Kc4 Re2 43. b6 Rb2 44. Kc5 Rc2+ 45. Kb5 Rb2+ 46. Kc6 Rc2+ 47. Kb5 Rb2+ 48. Ka6 Ra2+ 49. Kb5 Rb2+ 50. Kc5 Rc2+ 51. Kb4 Rb2+ 52. Kc5 Rc2+ 1/2-1/2

[Event "Cassis op 1st"]
[Site "Cassis"]
[Date "2022.05.26"]
[Round "1"]
[White "Bonelli Maestracci, Pierre Joseph"]
[Black "Petrossian, Armen"]
[Result "1/2-1/2"]
[WhiteElo "1767"]
[BlackElo "2396"]
[PlyCount "92"]
[EventDate "2022.05.26"]
[EventType "swiss"]
[EventRounds "7"]
[EventCountry "FRA"]
[SourceTitle "CBM 208 Extra"]
[Source "ChessBase"]
[SourceDate "2022.07.31"]
[SourceVersion "1"]
[SourceVersionDate "2022.07.31"]
[SourceQuality "1"]

1. e4 c6 2. d4 d5 3. exd5 cxd5 4. Nf3 Nf6 5. Ne5 Nc6 6. Bb5 Bd7 7. Nxd7 Qxd7 8. c3 a6 9. Ba4 e6 10. 0-0 Bd6 11. Re1 0-0 12. Nd2 Qc7 13. Nf3 h6 14. Qe2 Ne4 15. h3 b5 16. Bc2 f5 17. Nd2 Nxd4 18. cxd4 Qxc2 19. f3 Ng5 20. h4 Nf7 21. Nb3 Qxe2 22. Rxe2 Bg3 23. Bd2 Bxh4 24. Rxe6 Rfe8 25. Rc6 Re2 26. Rac1 a5 27. Bxa5 Rxb2 28. R6c2 Rxb3 29. Rc8+ Kh7 30. Rxa8 Ra3 31. Rf8 Rxa5 32. Rxf7 Bf6 33. Rd1 Rxa2 34. Rd7 b4 35. Rb7 Rb2 36. Kh2 Bg5 37. Rd3 h5 38. Rf7 Kg6 39. Rd7 Bf4+ 40. Kg1 Bg3 41. Kf1 Rb1+ 42. Ke2 Re1+ 43. Kd2 Rg1 44. Kc2 Rxg2+ 45. Kb3 h4 46. Rxd5 h3 1/2-1/2

[Event "Cassis op 1st"]
[Site "Cassis"]
[Date "2022.05.26"]
[Round "2"]
[White "Petrossian, Armen"]
[Black "Masson, Valentin"]
[Result "1-0"]
[WhiteElo "2396"]
[BlackElo "1911"]
[PlyCount "71"]
[EventDate "2022.05.26"]
[EventType "swiss"]
[EventRounds "7"]
[EventCountry "FRA"]
[SourceTitle "CBM 208 Extra"]
[Source "ChessBase"]
[SourceDate "2022.07.31"]
[SourceVersion "1"]
[SourceVersionDate "2022.07.31"]
[SourceQuality "1"]

1. e4 e6 2. d4 d5 3. Nc3 Nf6 4. e5 Nfd7 5. f4 c5 6. Nf3 Nc6 7. Be3 Be7 8. a3 0-0 9. dxc5 Bxc5 10. Bxc5 Nxc5 11. b4 Nd7 12. Bd3 f6 13. b5 Na5 14. 0-0 Qc7 15. Qd2 Nc5 16. Rab1 f5 17. Ne2 Bd7 18. Nfd4 b6 19. Qe3 Ne4 20. g4 g6 21. gxf5 gxf5 22. Rb4 Nc4 23. Bxc4 dxc4 24. Ng3 Nxg3 25. hxg3 Kf7 26. Kf2 a5 27. Rbb1 h5 28. Rh1 Rh8 29. Nf3 Bc8 30. Rbd1 Bb7 31. Rd6 Bxf3 32. Qxf3 Qc5+ 33. Kg2 Ra7 34. Rxh5 Rg8 35. Rh7+ Rg7 36. Qh5+ 1-0

[Event "Cannes op 34th"]
[Site "Cannes"]
[Date "2020.02.18"]
[Round "3"]
[White "Petrossian, Armen"]
[Black "Sadzikowski, Daniel"]
[Result "0-1"]
[WhiteElo "2410"]
[BlackElo "2514"]
[PlyCount "132"]
[EventDate "2020.02.17"]
[EventType "swiss"]
[EventRounds "9"]
[EventCountry "FRA"]
[SourceTitle "CBM 195 Extra"]
[Source "ChessBase"]
[SourceDate "2020.05.31"]
[SourceVersion "1"]
[SourceVersionDate "2020.05.31"]
[SourceQuality "1"]

1. e4 c5 2. Nf3 d6 3. Bb5+ Nd7 4. c3 Ngf6 5. Bd3 g6 6. 0-0 Bg7 7. Bc2 b5 8. d4 cxd4 9. cxd4 Bb7 10. Re1 b4 11. Bg5 0-0 12. Nbd2 h6 13. Bh4 e5 14. Ba4 Nb6 15. Bb3 exd4 16. Nxd4 Qd7 17. f3 Ng4 18. Nf1 Ne5 19. Ne3 Ba6 20. Nd5 Nxd5 21. Bxd5 Nd3 22. Nc6 Nxe1 23. Qa4 Kh7 24. Qxa6 Nc2 25. Rc1 b3 26. axb3 Ne3 27. Qd3 Nxd5 28. Qxd5 Rac8 29. Bg3 Rfe8 30. Rc4 Qb7 31. b4 Be5 32. Bxe5 dxe5 33. b5 Rc7 34. h3 Rd7 35. Qc5 Qb6 36. b4 Rb7 37. Qxb6 axb6 38. Rc3 Rd7 39. Rc2 Kg7 40. Ra2 f5 41. Ra6 Rb7 42. Kf2 fxe4 43. fxe4 Rf8+ 44. Ke3 Rf1 45. Nxe5 Re1+ 46. Kd3 Re7 47. Nc6 Rd7+ 48. Kc2 Re2+ 49. Kc3 Re3+ 50. Kc2 Rf7 51. Ra7 Rxa7 52. Nxa7 Rxe4 53. Kc3 Kf7 54. Nc8 Re6 55. Kd4 Ke8 56. Kd5 Kd7 57. g4 g5 58. Na7 Re3 59. Nc6 Rd3+ 60. Ke5 Rxh3 61. Kf5 Kc7 62. Kg6 Kd6 63. Nd4 Ke5 64. Nf5 Kf4 65. Ne7 Kxg4 66. Nd5 Rd3 0-1

[Event "Balagna rapid KO 16th"]
[Site "Balagna"]
[Date "2019.05.19"]
[Round "1.1"]
[White "Astaneh Lopez, Alex"]
[Black "Petrossian, Armen"]
[Result "1-0"]
[WhiteElo "2430"]
[BlackElo "2409"]
[PlyCount "92"]
[EventDate "2019.05.19"]
[EventType "k.o. (rapid)"]
[EventRounds "2"]
[EventCountry "FRA"]
[SourceTitle "CBM 190 Extra"]
[Source "ChessBase"]
[SourceDate "2019.07.15"]
[SourceVersion "1"]
[SourceVersionDate "2019.07.15"]
[SourceQuality "1"]

1. d4 Nf6 2. Nc3 d5 3. Bf4 a6 4. e3 e6 5. Bd3 Bd6 6. Bg3 c5 7. dxc5 Bxg3 8. hxg3 Qa5 9. g4 Nc6 10. g5 Nd7 11. g6 h6 12. gxf7+ Kxf7 13. Qh5+ Kf8 14. Nf3 Nf6 15. Qh2 Qxc5 16. 0-0-0 Bd7 17. g4 Ke7 18. Nh4 Be8 19. g5 Nd7 20. gxh6 Rxh6 21. Qg3 Kd8 22. Qxg7 Rf6 23. Bg6 Qe7 24. Qxe7+ Kxe7 25. Bxe8 Rxe8 26. f4 Nb6 27. b3 Rg8 28. Ne2 Nd7 29. Rdg1 Rxg1+ 30. Rxg1 Rh6 31. Nf3 Rh3 32. Rg3 Rxg3 33. Nxg3 e5 34. Kd2 Kf6 35. Nh2 exf4 36. exf4 Nc5 37. Ng4+ Kg6 38. Ke3 d4+ 39. Kd2 b5 40. Nf2 Ne7 41. Nd3 Ne6 42. Ne5+ Kf6 43. Nd7+ Kg6 44. Kd3 Nf5 45. Ne2 Kh5 46. Ke4 Ne7 1-0

[Event "Balagna rapid op 16th"]
[Site "Balagna"]
[Date "2019.05.19"]
[Round "9"]
[White "Cristofari, Antoine"]
[Black "Petrossian, Armen"]
[Result "0-1"]
[WhiteElo "2037"]
[BlackElo "2409"]
[PlyCount "80"]
[EventDate "2019.05.18"]
[EventType "swiss (rapid)"]
[EventRounds "9"]
[EventCountry "FRA"]
[SourceTitle "CBM 190 Extra"]
[Source "ChessBase"]
[SourceDate "2019.07.15"]
[SourceVersion "1"]
[SourceVersionDate "2019.07.15"]
[SourceQuality "1"]

1. e4 c6 2. d4 d5 3. exd5 cxd5 4. Bd3 Nc6 5. c3 Qc7 6. Na3 a6 7. Qa4 Bd7 8. Qd1 e5 9. Nc2 e4 10. Be2 Bd6 11. Bg5 h6 12. Bd2 Nf6 13. Ne3 0-0 14. h3 Be6 15. Bg4 Ne7 16. Ne2 Nh7 17. Bxe6 fxe6 18. Qb3 b5 19. Rf1 Ng6 20. 0-0-0 Nf6 21. Kb1 Nf4 22. Nxf4 Bxf4 23. Bc1 Rf7 24. Rde1 Raf8 25. Qc2 Nd7 26. g3 Bg5 27. h4 Be7 28. Ng4 Rf3 29. Be3 Bd6 30. Nh2 R3f7 31. Rg1 Nb6 32. Re2 Nc4 33. Bc1 a5 34. Nf1 b4 35. Nd2 Rxf2 36. Nxc4 Rxe2 37. Qxe2 Qxc4 38. Qe3 Rf3 39. Qe1 Qd3+ 40. Ka1 Bxg3 0-1

[Event "Balagna rapid op 16th"]
[Site "Balagna"]
[Date "2019.05.19"]
[Round "7"]
[White "Howell, David"]
[Black "Petrossian, Armen"]
[Result "1-0"]
[WhiteElo "2698"]
[BlackElo "2409"]
[PlyCount "111"]
[EventDate "2019.05.18"]
[EventType "swiss (rapid)"]
[EventRounds "9"]
[EventCountry "FRA"]
[SourceTitle "CBM 190 Extra"]
[Source "ChessBase"]
[SourceDate "2019.07.15"]
[SourceVersion "1"]
[SourceVersionDate "2019.07.15"]
[SourceQuality "1"]

1. d4 Nf6 2. Nc3 d5 3. Bf4 a6 4. e3 Bg4 5. f3 Bf5 6. g4 Bg6 7. h4 h6 8. Bd3 Bxd3 9. Qxd3 e6 10. Nge2 c5 11. dxc5 Bxc5 12. 0-0-0 Nc6 13. Kb1 Qe7 14. Bg3 0-0-0 15. Nd4 Nxd4 16. exd4 Bd6 17. Bxd6 Qxd6 18. Qe3 Nd7 19. h5 Nb6 20. b3 Rd7 21. Ne2 Kb8 22. Qf4 Qxf4 23. Nxf4 Rc7 24. Kb2 Rhc8 25. Rh2 Nd7 26. a4 Nf6 27. Nd3 Nd7 28. a5 Ka7 29. Re2 Nb8 30. Ra1 Nc6 31. c3 Nb8 32. Nc5 Nd7 33. b4 Nxc5 34. bxc5 Re7 35. Kc2 Rce8 36. f4 Kb8 37. Rb1 Rc8 38. Kd3 Rc6 39. g5 hxg5 40. fxg5 Rc8 41. Rh1 Rh8 42. h6 gxh6 43. gxh6 Kc7 44. Rg2 f6 45. Rg6 Rf7 46. Rf1 Rhf8 47. Ke3 Kd8 48. Kf4 Ke8 49. Rb1 Rh8 50. Rb6 Re7 51. Rxf6 Rf7 52. Rbxe6+ Kf8 53. Rxf7+ Kxf7 54. Rb6 Re8 55. Rxb7+ Kg8 56. Rd7 1-0

[Event "Balagna rapid KO 16th"]
[Site "Balagna"]
[Date "2019.05.19"]
[Round "1.2"]
[White "Petrossian, Armen"]
[Black "Astaneh Lopez, Alex"]
[Result "1-0"]
[WhiteElo "2409"]
[BlackElo "2430"]
[PlyCount "108"]
[EventDate "2019.05.19"]
[EventType "k.o. (rapid)"]
[EventRounds "2"]
[EventCountry "FRA"]
[SourceTitle "CBM 190 Extra"]
[Source "ChessBase"]
[SourceDate "2019.07.15"]
[SourceVersion "1"]
[SourceVersionDate "2019.07.15"]
[SourceQuality "1"]

1. e4 c6 2. d4 d5 3. Nd2 dxe4 4. Nxe4 Nf6 5. Nxf6+ exf6 6. Nf3 Bd6 7. Bd3 0-0 8. 0-0 Nd7 9. Be3 Re8 10. Qd2 Nf8 11. Bf4 Bg4 12. Bxd6 Qxd6 13. Nh4 Rad8 14. h3 Bc8 15. c3 c5 16. Rad1 cxd4 17. cxd4 g6 18. Nf3 Be6 19. Qa5 a6 20. Rfe1 Bd5 21. Rxe8 Rxe8 22. Qc5 Rd8 23. Bc4 Bxf3 24. Qxd6 Rxd6 25. gxf3 Ne6 26. d5 Nf4 27. Kh2 g5 28. Bb3 Kf8 29. Rc1 Rd7 30. Rc8+ Ke7 31. Ba4 b5 32. Bb3 Nxd5 33. Rh8 a5 34. a3 Nf4 35. Rxh7 Ne6 36. Kg3 Rd2 37. h4 Rxb2 38. Bxe6 gxh4+ 39. Rxh4 fxe6 40. Rh7+ Kd6 41. Ra7 a4 42. Ra6+ Ke7 43. Rb6 Rb3 44. Kg4 f5+ 45. Kf4 Kf6 46. Kg3 Ke5 47. Rb8 Rb1 48. f4+ Kd5 49. Kh4 Kc4 50. Kg5 Re1 51. Kf6 Re4 52. Rc8+ Kb3 53. Rb8 Rxf4 54. Rxb5+ Kxa3 1-0

[Event "Marseille op 9th"]
[Site "Marseille"]
[Date "2016.12.29"]
[Round "7"]
[White "Petrossian, Armen"]
[Black "Ider, Borya"]
[Result "1-0"]
[WhiteElo "2400"]
[BlackElo "2465"]
[PlyCount "83"]
[EventDate "2016.12.26"]
[EventType "swiss"]
[EventRounds "9"]
[EventCountry "FRA"]
[SourceTitle "CBM 176 Extra"]
[Source "ChessBase"]
[SourceDate "2017.03.02"]
[SourceVersion "1"]
[SourceVersionDate "2017.03.02"]
[SourceQuality "1"]

1. e4 e6 2. d4 d5 3. Nc3 Bb4 4. a3 Bxc3+ 5. bxc3 dxe4 6. Qg4 Nf6 7. Qxg7 Rg8 8. Qh6 Rg6 9. Qe3 c5 10. Ne2 Qa5 11. Bd2 Nc6 12. dxc5 Qa4 13. Nd4 Nxd4 14. Qxd4 Bd7 15. h4 0-0-0 16. h5 Qxd4 17. cxd4 Rg4 18. c4 Ba4 19. Be3 Rgg8 20. f3 Bc6 21. Rh3 Ne8 22. h6 f5 23. Rd1 Nf6 24. Bf4 Rg6 25. Kf2 Rdg8 26. Re1 Kd7 27. Rg3 Rxg3 28. Bxg3 Rg6 29. Bf4 Nh5 30. Be5 Rxh6 31. g4 fxg4 32. fxg4 Nf6 33. g5 Ng4+ 34. Kg3 Nxe5 35. gxh6 Nf3 36. Rd1 Ba4 37. Rb1 Kc7 38. d5 exd5 39. cxd5 Nd2 40. Re1 Bb3 41. d6+ Kc6 42. Bb5+ 1-0